000
00283nam a2200133Ia 4500
008
221030s9999 xx 000 0 und d
041
_a
English
082
_a
105.23
_b
BE
100
_a
Black Book
245
0
_a
. NET Programming
_b
CD
260
_c
2009
650
_a
Book
942
_c
CD
999
_c
6241
_d
6241